[Event "CZE-chT2C 2223"]
[Site "Czech Republic"]
[Date "2023.02.19"]
[Round "9.7"]
[White "Vacek, Radomir"]
[Black "Kaplan, Tomas"]
[Result "1/2-1/2"]
[WhiteElo "1986"]
[BlackElo "1907"]
[PlyCount "27"]
[EventDate "2022.10.16"]
[EventType "team-tourn"]
[EventRounds "11"]
[EventCountry "CZE"]
[SourceTitle "EXT 2024"]
[Source "ChessBase"]
[SourceDate "2023.10.10"]
[SourceVersion "1"]
[SourceVersionDate "2023.10.10"]
[SourceQuality "1"]
[WhiteTeam "Bakov nad Jizerou"]
[BlackTeam "Kolin"]
[WhiteTeamCountry "CZE"]
[BlackTeamCountry "CZE"]

1. d4 d5 2. c4 e6 3. Nc3 Nf6 4. Bg5 Nbd7 5. Nf3 c6 6. e3 Qa5 7. Nd2 Bb4 8. Qc2 0-0 9. Bxf6 Nxf6 10. Bd3 Re8 11. 0-0 e5 12. Nb3 Qd8 13. cxd5 exd4 14. exd4 1/2-1/2

[Event "Mid Bohemia Region-chT 2223"]
[Site "Czech Republic"]
[Date "2022.10.09"]
[Round "1.3"]
[White "Vacek, Radomir"]
[Black "Fiala, Jan1111"]
[Result "1/2-1/2"]
[WhiteElo "1984"]
[BlackElo "1937"]
[PlyCount "41"]
[EventDate "2022.10.09"]
[EventType "team-tourn"]
[EventRounds "11"]
[EventCountry "CZE"]
[SourceTitle "EXT 2024"]
[Source "ChessBase"]
[SourceDate "2023.10.10"]
[SourceVersion "1"]
[SourceVersionDate "2023.10.10"]
[SourceQuality "1"]
[WhiteTeam "Bakov nad Jizerou II"]
[BlackTeam "Cesky Brod"]
[WhiteTeamCountry "CZE"]
[BlackTeamCountry "CZE"]

1. d4 d5 2. c4 c6 3. Nf3 Nf6 4. Nc3 e6 5. Bg5 h6 6. Bxf6 Qxf6 7. e3 Bb4 8. Bd3 0-0 9. 0-0 Nd7 10. Qb3 Bxc3 11. Qxc3 Re8 12. Rfd1 e5 13. dxe5 Nxe5 14. Nxe5 Qxe5 15. Qxe5 Rxe5 16. cxd5 Rxd5 17. Bc4 Rxd1+ 18. Rxd1 Bf5 19. f3 Re8 20. e4 Bc8 21. Kf2 1/2-1/2

[Event "CZE-chT2C 1920"]
[Site "Czech Republic"]
[Date "2020.02.09"]
[Round "8.5"]
[White "Tesar, Patrik"]
[Black "Vacek, Radomir"]
[Result "1-0"]
[WhiteElo "2081"]
[BlackElo "2036"]
[PlyCount "77"]
[EventDate "2019.10.13"]
[EventType "team-tourn"]
[EventRounds "11"]
[EventCountry "CZE"]
[SourceTitle "EXT 2024"]
[Source "ChessBase"]
[SourceDate "2023.10.10"]
[SourceVersion "1"]
[SourceVersionDate "2023.10.10"]
[SourceQuality "1"]
[WhiteTeam "Kolin"]
[BlackTeam "Bakov nad Jizerou"]
[WhiteTeamCountry "CZE"]
[BlackTeamCountry "CZE"]

1. d4 Nf6 2. Nf3 g6 3. Bg5 Bg7 4. e3 0-0 5. c4 d6 6. Nc3 Nbd7 7. Be2 Re8 8. 0-0 e5 9. dxe5 dxe5 10. Qc2 c6 11. Rad1 Qe7 12. Ne4 h6 13. Bxf6 Nxf6 14. Nd6 Rf8 15. c5 Nd5 16. Bc4 Be6 17. a3 Rab8 18. b4 b5 19. Bb3 Rfd8 20. Nd2 Ra8 21. Bxd5 Bxd5 22. e4 Be6 23. Nb3 Rd7 24. Na5 Rc7 25. Rd3 Rf8 26. f3 a6 27. a4 Rb8 28. axb5 axb5 29. Ra1 Ra8 30. Rda3 Qf8 31. Nb3 Rxa3 32. Rxa3 Kh7 33. Ra6 Qe7 34. Na5 Qd7 35. Ra8 h5 36. Qc3 f6 37. Kf2 Bh8 38. Rb8 h4 39. Nab7 1-0

[Event "CZE-chT2C 1819"]
[Site "Czech Republic"]
[Date "2019.02.24"]
[Round "9.7"]
[White "Vacek, Radomir"]
[Black "Husarik, Branko"]
[Result "0-1"]
[WhiteElo "2024"]
[BlackElo "2113"]
[PlyCount "62"]
[EventDate "2018.10.14"]
[EventType "team-tourn"]
[EventRounds "11"]
[EventCountry "CZE"]
[SourceTitle "EXT 2022"]
[Source "ChessBase"]
[SourceDate "2021.10.06"]
[SourceVersion "1"]
[SourceVersionDate "2021.10.06"]
[SourceQuality "1"]
[WhiteTeam "Bakov nad Jizerou"]
[BlackTeam "Lysa nad Labem III"]
[WhiteTeamCountry "CZE"]
[BlackTeamCountry "CZE"]

1. d4 Nf6 2. c4 c5 3. d5 b5 4. cxb5 a6 5. bxa6 g6 6. Nc3 Bg7 7. e4 0-0 8. e5 Ne8 9. f4 d6 10. Nf3 Nd7 11. e6 fxe6 12. Ng5 Nb6 13. Nxe6 Bxe6 14. dxe6 Nc7 15. Qb3 Nxa6 16. Bxa6 Rxa6 17. Be3 Qa8 18. 0-0 Rb8 19. Rab1 Na4 20. Qc2 Nxc3 21. bxc3 Rxb1 22. Rxb1 Rxa2 23. Rb8+ Qxb8 24. Qxa2 Bxc3 25. f5 gxf5 26. Qc2 Qb2 27. Qxf5 Qa1+ 28. Kf2 Qe1+ 29. Kf3 Qf1+ 30. Bf2 Qd1+ 31. Kg3 Bf6 0-1

[Event "CZE-chT2B 1718"]
[Site "Czech Republic"]
[Date "2018.02.25"]
[Round "9.8"]
[White "Vacek, Radomir"]
[Black "Krutina, Miroslav"]
[Result "1/2-1/2"]
[WhiteElo "2039"]
[BlackElo "1927"]
[PlyCount "66"]
[EventDate "2017.10.15"]
[EventType "team-tourn"]
[EventRounds "11"]
[EventCountry "CZE"]
[SourceTitle "EXT 2022"]
[Source "ChessBase"]
[SourceDate "2021.10.06"]
[SourceVersion "1"]
[SourceVersionDate "2021.10.06"]
[SourceQuality "1"]
[WhiteTeam "Bakov nad Jizerou"]
[BlackTeam "Zizkov"]
[WhiteTeamCountry "CZE"]
[BlackTeamCountry "CZE"]

1. d4 g6 2. c4 Bg7 3. Nf3 d6 4. Nc3 Bg4 5. e3 c5 6. Be2 cxd4 7. exd4 Nc6 8. d5 Bxf3 9. Bxf3 Ne5 10. Be2 Nf6 11. Bd2 0-0 12. 0-0 Rc8 13. b3 h5 14. h3 Kh7 15. Be3 a6 16. Bd4 Ned7 17. Bd3 Kg8 18. Qd2 Ne8 19. Bxg7 Kxg7 20. Rae1 Nef6 21. Bb1 Re8 22. f4 Qa5 23. f5 Ne5 24. fxg6 fxg6 25. Qc2 Rg8 26. Rxe5 Qb6+ 27. Kh1 dxe5 28. Qxg6+ Kf8 29. Qxh5 Kg7 30. Qg6+ Kf8 31. Qh5 Kg7 32. Qg6+ Kf8 33. Qh5 Kg7 1/2-1/2

[Event "CZE-chT2B 1617"]
[Site "Czech Republic"]
[Date "2017.02.12"]
[Round "8.5"]
[White "Kubin, Vladimir"]
[Black "Vacek, Radomir"]
[Result "1/2-1/2"]
[WhiteElo "2040"]
[BlackElo "2039"]
[PlyCount "28"]
[EventDate "2016.10.09"]
[EventType "team-tourn"]
[EventRounds "11"]
[EventCountry "CZE"]
[SourceTitle "EXT 2022"]
[Source "ChessBase"]
[SourceDate "2021.10.06"]
[SourceVersion "1"]
[SourceVersionDate "2021.10.06"]
[SourceQuality "1"]
[WhiteTeam "Mlada Boleslav"]
[BlackTeam "Bakov nad Jizerou"]
[WhiteTeamCountry "CZE"]
[BlackTeamCountry "CZE"]

1. c4 g6 2. g3 Bg7 3. Bg2 Nf6 4. Nc3 0-0 5. Nf3 d6 6. 0-0 e5 7. d4 Nbd7 8. Bg5 h6 9. Bxf6 Bxf6 10. e3 Bg7 11. Rc1 Re8 12. Re1 c6 13. b4 a6 14. a4 exd4 1/2-1/2

[Event "CZE-chT2B 1617"]
[Site "Czech Republic"]
[Date "2016.12.11"]
[Round "5.8"]
[White "Bartos, Jan"]
[Black "Vacek, Radomir"]
[Result "1/2-1/2"]
[WhiteElo "2157"]
[BlackElo "2039"]
[PlyCount "80"]
[EventDate "2016.10.09"]
[EventType "team-tourn"]
[EventRounds "11"]
[EventCountry "CZE"]
[SourceTitle "EXT 2022"]
[Source "ChessBase"]
[SourceDate "2021.10.06"]
[SourceVersion "1"]
[SourceVersionDate "2021.10.06"]
[SourceQuality "1"]
[WhiteTeam "Bartos Unichess II"]
[BlackTeam "Bakov nad Jizerou"]
[WhiteTeamCountry "CZE"]
[BlackTeamCountry "CZE"]

1. d4 Nf6 2. c4 g6 3. Nc3 Bg7 4. e4 d6 5. f3 0-0 6. Be3 e5 7. Nge2 c6 8. d5 cxd5 9. cxd5 Nbd7 10. Qd2 a6 11. g4 b5 12. Ng3 Nb6 13. h4 Nfd7 14. h5 Re8 15. b3 Nf8 16. Be2 Bd7 17. Kf2 Rb8 18. hxg6 fxg6 19. g5 Re7 20. a4 b4 21. Nd1 a5 22. Nb2 Be8 23. Rac1 Rc8 24. Rxc8 Nxc8 25. Nc4 Rb7 26. Bf1 Rb8 27. Bh3 Bd7 28. Bxd7 Nxd7 29. Rc1 Bf8 30. Rc2 Be7 31. Qc1 Nc5 32. Bxc5 dxc5 33. Nxe5 Bxg5 34. f4 Qf6 35. Nd7 Qf7 36. Nxb8 Bxf4 37. Qd1 Bxb8+ 38. Qf3 Qe7 39. Qg4 Nb6 40. Ne2 Be5 1/2-1/2

[Event "CZE-chT2B 1617"]
[Site "Czech Republic"]
[Date "2016.10.09"]
[Round "1.8"]
[White "Horan, Tomas"]
[Black "Vacek, Radomir"]
[Result "0-1"]
[WhiteElo "1877"]
[BlackElo "2039"]
[PlyCount "80"]
[EventDate "2016.10.09"]
[EventType "team-tourn"]
[EventRounds "11"]
[EventCountry "CZE"]
[SourceTitle "EXT 2022"]
[Source "ChessBase"]
[SourceDate "2021.10.06"]
[SourceVersion "1"]
[SourceVersionDate "2021.10.06"]
[SourceQuality "1"]
[WhiteTeam "Most Chess"]
[BlackTeam "Bakov nad Jizerou"]
[WhiteTeamCountry "CZE"]
[BlackTeamCountry "CZE"]

1. e4 c5 2. Nc3 Nc6 3. f4 g6 4. Nf3 Bg7 5. Bc4 e6 6. 0-0 Nge7 7. d3 d5 8. Bb3 0-0 9. Qe1 Nd4 10. Nxd4 cxd4 11. Nd1 a5 12. a4 dxe4 13. dxe4 d3 14. Ra3 Nc6 15. cxd3 Qxd3 16. Bd5 Qb1 17. Bxc6 Qxc1 18. Bb5 Rd8 19. e5 Qc5+ 20. Qe3 Bf8 21. Rc3 Qxe3+ 22. Nxe3 Bd7 23. Bxd7 Rxd7 24. Ng4 Rd2 25. Nf6+ Kg7 26. b3 Rad8 27. Rfc1 b6 28. Kf1 Ba3 29. Re1 Bb4 30. Rh3 h6 31. Rc1 Rb2 32. Ne4 Rd4 33. Nd6 Bxd6 34. exd6 Rxd6 35. Rf3 Rdd2 36. h3 Rxg2 37. Rc6 Rgd2 38. Ke1 Rh2 39. Rc1 Rh1+ 40. Rf1 Rxh3 0-1

[Event "CZE-chT2B 1516"]
[Site "Czech Republic"]
[Date "2015.11.08"]
[Round "2.6"]
[White "Novotny, Roman2222"]
[Black "Vacek, Radomir"]
[Result "1/2-1/2"]
[WhiteElo "2023"]
[BlackElo "2025"]
[PlyCount "46"]
[EventDate "2015.10.18"]
[EventType "team-tourn"]
[EventRounds "11"]
[EventCountry "CZE"]
[SourceTitle "EXT 2022"]
[Source "ChessBase"]
[SourceDate "2021.10.06"]
[SourceVersion "1"]
[SourceVersionDate "2021.10.06"]
[SourceQuality "1"]
[WhiteTeam "Neratovice II"]
[BlackTeam "Bakov nad Jizerou"]
[WhiteTeamCountry "CZE"]
[BlackTeamCountry "CZE"]

1. e4 c5 2. Nf3 d6 3. Nc3 Nf6 4. d4 cxd4 5. Nxd4 g6 6. Be3 Bg7 7. Qd2 Nc6 8. f3 0-0 9. 0-0-0 d5 10. Nxc6 bxc6 11. exd5 Nxd5 12. Nxd5 cxd5 13. Qxd5 Qc7 14. Qc4 Qe5 15. Qc3 Qxc3 16. bxc3 Be6 17. Bd4 Rab8 18. Bxg7 Kxg7 19. a4 Rfc8 20. Kd2 Rc5 21. Bd3 Rbc8 22. Rb1 R8c7 23. Rb4 Rxc3 1/2-1/2

[Event "CZE-chT2B 1415"]
[Site "Czech Republic"]
[Date "2015.04.19"]
[Round "11.5"]
[White "Vacek, Radomir"]
[Black "Malac, Petr"]
[Result "1/2-1/2"]
[WhiteElo "2015"]
[BlackElo "2043"]
[PlyCount "63"]
[EventDate "2014.11.02"]
[EventType "team-tourn"]
[EventRounds "11"]
[EventCountry "CZE"]
[SourceTitle "EXT 2022"]
[Source "ChessBase"]
[SourceDate "2021.10.06"]
[SourceVersion "1"]
[SourceVersionDate "2021.10.06"]
[SourceQuality "1"]
[WhiteTeam "Bakov nad Jizerou"]
[BlackTeam "Mlada Boleslav"]
[WhiteTeamCountry "CZE"]
[BlackTeamCountry "CZE"]

1. d4 d5 2. c4 e6 3. Nc3 Nf6 4. Bg5 Be7 5. Nf3 0-0 6. e3 Nbd7 7. Rc1 c6 8. Bd3 dxc4 9. Bxc4 Nd5 10. Bxe7 Qxe7 11. 0-0 Nxc3 12. Rxc3 Rd8 13. Bd3 Nf8 14. Qc2 Bd7 15. Rc1 Be8 16. Rb3 f6 17. Qc5 Qxc5 18. Rxc5 Rd7 19. Ra3 Bg6 20. Be2 a6 21. Rac3 Rc7 22. b4 Rd8 23. Rc1 Re7 24. Ra5 Nd7 25. a4 Nb6 26. b5 axb5 27. axb5 Be8 28. bxc6 Bxc6 29. Bb5 Bxf3 30. gxf3 e5 31. dxe5 Rxe5 32. f4 1/2-1/2

[Event "CZE-chT2B 1415"]
[Site "Czech Republic"]
[Date "2015.03.15"]
[Round "9.5"]
[White "Vacek, Radomir"]
[Black "Chrz, Pavel"]
[Result "1-0"]
[WhiteElo "2015"]
[BlackElo "2099"]
[PlyCount "89"]
[EventDate "2014.11.02"]
[EventType "team-tourn"]
[EventRounds "11"]
[EventCountry "CZE"]
[SourceTitle "EXT 2022"]
[Source "ChessBase"]
[SourceDate "2021.10.06"]
[SourceVersion "1"]
[SourceVersionDate "2021.10.06"]
[SourceQuality "1"]
[WhiteTeam "Bakov nad Jizerou"]
[BlackTeam "Usti nad Labem"]
[WhiteTeamCountry "CZE"]
[BlackTeamCountry "CZE"]

1. d4 Nf6 2. c4 e6 3. Nf3 b6 4. g3 Bb7 5. Bg2 Bb4+ 6. Nbd2 0-0 7. 0-0 a5 8. Qc2 Na6 9. e4 Bxd2 10. Nxd2 Nb4 11. Qb1 e5 12. d5 Qe7 13. b3 c6 14. a3 Na6 15. Bb2 cxd5 16. exd5 d6 17. Re1 Qc7 18. Qd3 Bc8 19. Qc3 Nc5 20. h3 Bf5 21. Re3 Qd7 22. Kh2 Rfe8 23. Rae1 Rac8 24. Ba1 h6 25. b4 axb4 26. axb4 Na6 27. Qb3 Ra8 28. Bf1 Nc7 29. Bb2 Kf8 30. Ba3 b5 31. Bg2 bxc4 32. Nxc4 Ncxd5 33. b5 Rxa3 34. Qxa3 Nxe3 35. Rxe3 Re6 36. b6 e4 37. Rb3 Re8 38. b7 Rb8 39. Nxd6 Be6 40. Nxe4+ Qe7 41. Nxf6 gxf6 42. Qxe7+ Kxe7 43. Ra3 Kd7 44. Ra8 Kc7 45. f4 1-0

[Event "CZE-chT2B 1415"]
[Site "Czech Republic"]
[Date "2015.01.11"]
[Round "5.5"]
[White "Hamala, Miroslav"]
[Black "Vacek, Radomir"]
[Result "1/2-1/2"]
[WhiteElo "1954"]
[BlackElo "2015"]
[PlyCount "57"]
[EventDate "2014.11.02"]
[EventType "team-tourn"]
[EventRounds "11"]
[EventCountry "CZE"]
[SourceTitle "EXT 2022"]
[Source "ChessBase"]
[SourceDate "2021.10.06"]
[SourceVersion "1"]
[SourceVersionDate "2021.10.06"]
[SourceQuality "1"]
[WhiteTeam "Most Chess II"]
[BlackTeam "Bakov nad Jizerou"]
[WhiteTeamCountry "CZE"]
[BlackTeamCountry "CZE"]

1. e4 c5 2. c3 Nf6 3. e5 Nd5 4. d4 cxd4 5. Nf3 e6 6. cxd4 b6 7. Be2 Ba6 8. 0-0 Be7 9. Nc3 Nxc3 10. bxc3 Qc8 11. Bb2 Bxe2 12. Qxe2 Qa6 13. Qe4 0-0 14. c4 b5 15. d5 bxc4 16. d6 Bd8 17. Rfc1 Nc6 18. Qxc4 Qxc4 19. Rxc4 Rb8 20. Bc3 f6 21. Re1 Rb5 22. exf6 Bxf6 23. Nd4 Nxd4 24. Bxd4 Bxd4 25. Rxd4 Rb2 26. f4 Rxa2 27. Rc1 e5 28. fxe5 Rff2 29. Rg4 1/2-1/2

[Event "CZE-chT2B 1415"]
[Site "Czech Republic"]
[Date "2014.11.16"]
[Round "2.6"]
[White "Janda, Zdenek"]
[Black "Vacek, Radomir"]
[Result "1/2-1/2"]
[WhiteElo "2178"]
[BlackElo "2015"]
[PlyCount "133"]
[EventDate "2014.11.02"]
[EventType "team-tourn"]
[EventRounds "11"]
[EventCountry "CZE"]
[SourceTitle "EXT 2022"]
[Source "ChessBase"]
[SourceDate "2021.10.06"]
[SourceVersion "1"]
[SourceVersionDate "2021.10.06"]
[SourceQuality "1"]
[WhiteTeam "Decin"]
[BlackTeam "Bakov nad Jizerou"]
[WhiteTeamCountry "CZE"]
[BlackTeamCountry "CZE"]

1. c4 g6 2. g3 Bg7 3. Bg2 Nf6 4. Nf3 0-0 5. 0-0 d6 6. d4 Nbd7 7. Nc3 e5 8. e3 c6 9. Qc2 Re8 10. b3 Bf8 11. Bb2 Qc7 12. Rac1 Be7 13. c5 exd4 14. cxd6 Qxd6 15. Nxd4 Bf8 16. Rcd1 Qc5 17. Qe2 Rb8 18. Na4 Qh5 19. Qxh5 Nxh5 20. g4 Nhf6 21. h3 h5 22. gxh5 Nxh5 23. Nf3 Bg7 24. Bxg7 Nxg7 25. Rd2 Kf8 26. Ng5 Ke7 27. Rfd1 f6 28. Ne4 Nf5 29. Nd6 Nxd6 30. Rxd6 Ne5 31. Nc5 Nf7 32. R6d4 Rd8 33. Re4+ Kf8 34. Rxd8+ Nxd8 35. Rf4 Ke7 36. Rh4 b6 37. Rh7+ Nf7 38. Nd3 g5 39. Nb4 Bd7 40. Bxc6 Bf5 41. Bf3 Rc8 42. Nc6+ Kf8 43. Rh5 Bg6 44. Nxa7 Bxh5 45. Nxc8 Bxf3 46. Nxb6 Ne5 47. Kh2 Bd1 48. Kg3 Nd3 49. Nd5 Kf7 50. Nc3 Bc2 51. f4 gxf4+ 52. exf4 Ke6 53. h4 Nc5 54. h5 Ne4+ 55. Nxe4 Bxe4 56. Kf2 Bb1 57. a4 Bc2 58. a5 Bxb3 59. a6 Kf7 60. Ke3 Kg7 61. Kd4 Bd1 62. Ke4 Ba4 63. Kd5 Bd1 64. Ke4 Ba4 65. Kd5 Bd1 66. Ke4 Ba4 67. Kd5 1/2-1/2

[Event "CZE-chT2B 1314"]
[Site "Czech Republic"]
[Date "2013.12.15"]
[Round "4.3"]
[White "Petr, Jan1111"]
[Black "Vacek, Radomir"]
[Result "1-0"]
[WhiteElo "2112"]
[BlackElo "2079"]
[PlyCount "111"]
[EventDate "2013.11.03"]
[EventType "team-tourn"]
[EventRounds "11"]
[EventCountry "CZE"]
[SourceTitle "EXT 2015"]
[Source "ChessBase"]
[SourceDate "2014.11.20"]
[SourceVersion "1"]
[SourceVersionDate "2014.11.20"]
[SourceQuality "1"]
[WhiteTeam "Praha Bohemians II"]
[BlackTeam "Bakov nad Jizerou"]
[WhiteTeamCountry "CZE"]
[BlackTeamCountry "CZE"]

1. e4 c5 2. Nf3 d6 3. Bb5+ Bd7 4. Bxd7+ Nxd7 5. 0-0 g6 6. c3 Ngf6 7. Re1 Bg7 8. d4 0-0 9. Bf4 Re8 10. Qe2 Nf8 11. e5 Nd5 12. Bg3 cxd4 13. cxd4 Qa5 14. Nbd2 dxe5 15. Bxe5 Bh6 16. Nb3 Qd8 17. Qe4 e6 18. Qg4 f6 19. Bg3 b6 20. Qh3 Kg7 21. Re4 g5 22. Nbd2 Rc8 23. Ree1 Rc6 24. Rac1 Rxc1 25. Rxc1 Ng6 26. Re1 Ndf4 27. Bxf4 Nxf4 28. Qg3 Kh8 29. Nb3 Rg8 30. Nfd2 Qd5 31. Ne4 Bg7 32. Qf3 Rf8 33. g3 Ng6 34. Kg2 Ne7 35. Nc3 Qxf3+ 36. Kxf3 e5 37. dxe5 fxe5+ 38. Kg2 Nc6 39. Ne4 h6 40. Rc1 Nb4 41. Rc7 Ra8 42. a3 Nd3 43. Nbd2 g4 44. Nc4 h5 45. b4 Ne1+ 46. Kf1 Nf3 47. Ncd6 Nd4 48. a4 a6 49. Rb7 b5 50. a5 Rf8 51. Nc5 Rf3 52. Nf7+ Kg8 53. Ng5 Rc3 54. Rb8+ Bf8 55. Nd7 Rc1+ 56. Kg2 1-0

[Event "CZE-chT2C 1011"]
[Site "Czech Republic"]
[Date "2011.03.27"]
[Round "10.3"]
[White "Jandovsky, Viktor"]
[Black "Vacek, Radomir"]
[Result "1-0"]
[WhiteElo "2185"]
[BlackElo "2109"]
[PlyCount "93"]
[EventDate "2010.10.17"]
[EventType "team-tourn"]
[EventRounds "11"]
[EventCountry "CZE"]
[SourceTitle "EXT 2012"]
[Source "ChessBase"]
[SourceDate "2011.11.24"]
[SourceVersion "1"]
[SourceVersionDate "2011.11.24"]
[SourceQuality "1"]
[WhiteTeam "Pankrac II"]
[BlackTeam "Bakov nad Jizerou"]
[WhiteTeamCountry "CZE"]
[BlackTeamCountry "CZE"]

1. e4 c5 2. Nf3 d6 3. Nc3 Nf6 4. d4 cxd4 5. Nxd4 a6 6. Be3 e5 7. Nb3 Be6 8. Qd2 b5 9. f3 Nbd7 10. g4 h6 11. 0-0-0 Be7 12. Rg1 Nb6 13. Na5 Qc7 14. a3 Nc4 15. Nxc4 bxc4 16. Nd5 Nxd5 17. exd5 Bd7 18. Qc3 Rc8 19. f4 f6 20. h4 g5 21. fxg5 hxg5 22. hxg5 fxg5 23. Be2 Kf7 24. Bf3 Bf6 25. Be4 Kg7 26. Rdf1 Rcf8 27. Bf5 Be8 28. b3 Rh3 29. Rh1 Rfh8 30. Be4 Bd7 31. Rxh3 Rxh3 32. bxc4 Bxg4 33. Rg1 Qc8 34. c5 dxc5 35. Qd2 Rh5 36. Qg2 Bh3 37. Qd2 Bg4 38. Qf2 c4 39. Rf1 Qf8 40. Bc5 Qd8 41. d6 Rh4 42. Bb4 Bd7 43. Qe2 a5 44. Be1 Rh3 45. Qxc4 g4 46. Qc7 Rxa3 47. Bf5 1-0

[Event "CZE-chT2C 1011"]
[Site "Czech Republic"]
[Date "2010.12.05"]
[Round "4.3"]
[White "Vacek, Radomir"]
[Black "Moravec, Vit"]
[Result "0-1"]
[WhiteElo "2109"]
[BlackElo "2092"]
[PlyCount "46"]
[EventDate "2010.10.17"]
[EventType "team-tourn"]
[EventRounds "11"]
[EventCountry "CZE"]
[SourceTitle "EXT 2012"]
[Source "ChessBase"]
[SourceDate "2011.11.24"]
[SourceVersion "1"]
[SourceVersionDate "2011.11.24"]
[SourceQuality "1"]
[WhiteTeam "Bakov nad Jizerou"]
[BlackTeam "Kutna Hora"]
[WhiteTeamCountry "CZE"]
[BlackTeamCountry "CZE"]

1. d4 d5 2. c4 e6 3. Nc3 Nf6 4. Bg5 Be7 5. Nf3 0-0 6. e3 h6 7. Bh4 b6 8. Rc1 Ba6 9. Ne5 dxc4 10. Nxc4 Nbd7 11. Bd3 c5 12. 0-0 Bb7 13. Bg3 cxd4 14. exd4 Nd5 15. a3 N7f6 16. Qe2 a6 17. Ne4 Nxe4 18. Qxe4 g6 19. Qe2 b5 20. Ne5 Bf6 21. Be4 Rc8 22. Qf3 Bg7 23. Rxc8 Qxc8 0-1

[Event "CZE-chT2C 1011"]
[Site "Czech Republic"]
[Date "2010.11.07"]
[Round "2.3"]
[White "Vacek, Radomir"]
[Black "Jares, Jiri"]
[Result "1/2-1/2"]
[WhiteElo "2109"]
[BlackElo "2036"]
[PlyCount "58"]
[EventDate "2010.10.17"]
[EventType "team-tourn"]
[EventRounds "11"]
[EventCountry "CZE"]
[SourceTitle "EXT 2012"]
[Source "ChessBase"]
[SourceDate "2011.11.24"]
[SourceVersion "1"]
[SourceVersionDate "2011.11.24"]
[SourceQuality "1"]
[WhiteTeam "Bakov nad Jizerou"]
[BlackTeam "Liberec"]
[WhiteTeamCountry "CZE"]
[BlackTeamCountry "CZE"]

1. d4 d5 2. c4 e6 3. Nc3 c5 4. Nf3 Nf6 5. Bg5 cxd4 6. Nxd4 e5 7. Nc2 d4 8. Nd5 Nbd7 9. e3 dxe3 10. Bxe3 Nxd5 11. Qxd5 Be7 12. Be2 0-0 13. 0-0 Qc7 14. f3 Nc5 15. f4 e4 16. Nd4 Rd8 17. Nb5 Qd7 18. Rad1 Qxd5 19. cxd5 b6 20. b4 Nd3 21. a3 Bb7 22. d6 Bxd6 23. Bxd3 exd3 24. Rxd3 Be7 25. Rfd1 Rxd3 26. Rxd3 Ba6 27. Rd7 Bxb5 28. Rxe7 Re8 29. Rxe8+ Bxe8 1/2-1/2

[Event "CZE-chT2C 0910"]
[Site "Czech Republic"]
[Date "2010.02.28"]
[Round "8.8"]
[White "Jiruse, Josef"]
[Black "Vacek, Radomir"]
[Result "1/2-1/2"]
[WhiteElo "2066"]
[BlackElo "2099"]
[PlyCount "69"]
[EventDate "2009.10.18"]
[EventType "team-tourn"]
[EventRounds "11"]
[EventCountry "CZE"]
[SourceTitle "EXT 2011"]
[Source "ChessBase"]
[SourceDate "2010.11.26"]
[SourceVersion "1"]
[SourceVersionDate "2010.11.26"]
[SourceQuality "1"]
[WhiteTeam "Hradec Kralove II"]
[BlackTeam "Turnov Zikuda II"]
[WhiteTeamCountry "CZE"]
[BlackTeamCountry "CZE"]

1. e4 c5 2. Nc3 Nc6 3. f4 g6 4. Nf3 Bg7 5. Bc4 a6 6. a4 e6 7. 0-0 Nge7 8. d3 d5 9. Bb3 Nd4 10. Ba2 dxe4 11. Nxe4 Qb6 12. Kh1 Nxf3 13. Qxf3 Qc6 14. c3 Nf5 15. Be3 Nxe3 16. Qxe3 b6 17. f5 gxf5 18. Rxf5 Ra7 19. Nf6+ Bxf6 20. Rxf6 Rg8 21. Rg1 Rg6 22. Rxg6 hxg6 23. Bb3 Qd6 24. Rf1 Rd7 25. Bc2 Bb7 26. Kg1 Qd5 27. Qg3 Qd6 28. Qh3 Kd8 29. Qh4+ Kc7 30. Qf4 Qxf4 31. Rxf4 g5 32. Rg4 f6 33. Kf2 e5 34. Rg3 Rd8 35. Rh3 1/2-1/2

[Event "CZE-chT2C 0910"]
[Site "Czech Republic"]
[Date "2010.02.14"]
[Round "7.7"]
[White "Cernovsky, Jiri"]
[Black "Vacek, Radomir"]
[Result "1-0"]
[WhiteElo "2138"]
[BlackElo "2099"]
[PlyCount "65"]
[EventDate "2009.10.18"]
[EventType "team-tourn"]
[EventRounds "11"]
[EventCountry "CZE"]
[SourceTitle "EXT 2011"]
[Source "ChessBase"]
[SourceDate "2010.11.26"]
[SourceVersion "1"]
[SourceVersionDate "2010.11.26"]
[SourceQuality "1"]
[WhiteTeam "Kutna Hora"]
[BlackTeam "Turnov Zikuda II"]
[WhiteTeamCountry "CZE"]
[BlackTeamCountry "CZE"]

1. e4 c5 2. Nf3 d6 3. d4 cxd4 4. Nxd4 Nf6 5. Nc3 g6 6. Be2 Bg7 7. 0-0 0-0 8. Be3 Nc6 9. Kh1 Bd7 10. f4 Nxd4 11. Bxd4 Bc6 12. Bf3 Qa5 13. Qd3 Rfd8 14. a3 e5 15. Be3 d5 16. exd5 e4 17. Bxe4 Nxe4 18. Qxe4 Bxc3 19. dxc6 Bxb2 20. cxb7 Rab8 21. Rad1 Qb5 22. Bxa7 Rxd1 23. Rxd1 Rxb7 24. c4 Qa6 25. Rd8+ Kg7 26. Bc5 Bxa3 27. Rd6 Qa8 28. Qd4+ Kh6 29. h3 Rb2 30. Rd5 Rb1+ 31. Kh2 Bxc5 32. Rxc5 Qb8 33. Qe5 1-0